HIPAA for Allied Health Careers : (Record no. 619846)

MARC details
000 -LEADER
fixed length control field 00484nam a2200181 a 4500
008 - FIXED-LENGTH DATA ELEMENTS--GENERAL INFORMATION
fixed length control field 260424s2008##################000#0#eng##
020 ## - INTERNATIONAL STANDARD BOOK NUMBER
ISBN 9780073374123
082 04 - DEWEY DECIMAL CLASSIFICATION NUMBER
Classification number 344.73041NEW
100 1# - MAIN ENTRY--AUTHOR NAME
Personal name Cynthia Newby, CPC,
245 10 - TITLE STATEMENT
Title HIPAA for Allied Health Careers :
260 ## - PUBLICATION, DISTRIBUTION, ETC. (IMPRINT)
Name of publisher McGraw-Hill Education,
Year of publication 2008.
650 #0 - SUBJECT ADDED ENTRY--TOPICAL TERM
Topical Term Medical.
942 ## - ADDED ENTRY ELEMENTS (KOHA)
Koha item type English Books
Holdings
Withdrawn status Lost status Damaged status Not for loan Home library Current library Date acquired Full call number Accession Number Price effective from Koha item type
        Anna Centenary Library Anna Centenary Library 24.04.2026 344.73041NEW 407406 24.04.2026 English Books

Find us on the map